01087nam a22002057a 4500003000900000008004100009040007100050082002400121245018500145260005700330300003100387505019500418650004200613650004000655650003500695650003700730700002900767700004600796710003900842AR-CdUCM190320b ||||| |||| 00| 0 spa d aMUNICIPALIDAD PROVINCIAL DEL CUSCOcBIBLIOTECA MUNICIPAL DEL CUSCO a331.34098561 / bJ8 aJuventud y cultura del emprendimiento en el Cusco : b mejoramiento de los servicios municipales orientados a mejorar la inserción al mercado laboral de los jóvenes del Cusco / aCusco : bMunicipalidad Provincial de Cusco, c2018. a155 páginas ; c28.5 cm. aContenido: Enfocando el problema: mercado laboral de los jóvenes en el Cusco -- ¿Cómo y porqué nace el proyecto?-- Tomando acción desde la municipalidad: soluciones y desafíos ... aJóvenes - Trabajo - Perú - Cusco. aMercado de trabajo - Perú - Cusco aEstadística - Perú - Cusco aMercado laboral - Cusco - Perú aChávez Huamán, Erika aMirano Sucñier, Braulio Eddy (Editores) aMunicipalidad Provincial del Cusco